Statistiques concernant Paroles - Pourquoi - Déborah, Alrima (GOAT), Agathe Auproux

Cliquez ici pour prendre le quiz!

Statistiques générales

  • Ce quiz a été pris 7 fois
  • Le résultat moyen est 123 sur 185

Statistiques - réponses

IndicationsParoles% Correct
bébé
100%
Dis
100%
j'ai
100%
J'ai
100%
je
100%
ma
100%
m'as
100%
me
100%
moi
100%
pas
100%
te
100%
tu
100%
Couplet DéborahTu
100%
blessée
80%
dans
80%
Dans
80%
envie
80%
es
80%
80%
la
80%
le
80%
peau
80%
pensées
80%
plus
80%
Pourquoi
80%
pourquoi
80%
quartier
80%
qui
80%
Ta
80%
temps
80%
au
60%
avant
60%
balade
60%
ca
60%
ça
60%
c'était
60%
comme
60%
danse
60%
de
60%
des
60%
Et
60%
et
60%
j'en
60%
j'suis
60%
J'suis
60%
Couplet AgatheJ'tai
60%
mais
60%
malade
60%
mon
60%
Nos
60%
peux
60%
posé
60%
problèmes
60%
quittée
60%
remettrai
60%
trop
60%
une
60%
va
60%
belle
40%
blesser
40%
bons
40%
b'soin
40%
cité
40%
d'avancer
40%
devenue
40%
dis-moi
40%
d'te
40%
d'toi
40%
excuses
40%
fais
40%
histoire
40%
inconnue
40%
j'me
40%
j'm'en
40%
j'sais
40%
m'appelles
40%
meme
40%
même
40%
Même
40%
m'empêche
40%
mes
40%
moments
40%
n'me
40%
notre
40%
Oui
40%
perds
40%
regardes
40%
risquent
40%
Sors
40%
stresser
40%
t'aimais
40%
tard
40%
t'as
40%
t'attendre
40%
t'oublier
40%
tuer
40%
veux
40%
Attends
20%
j'trouverai
20%
passée
20%
regrets
20%
résonnent
20%
t'es
20%
Vas-y
20%
garde
0%
j'baisserai
0%
si
0%

Distribution des résultats

Percentile par nombre de réponses

% des personnes avec chaque résultat

Votre développement - résultats

Vous n’avez pas pris ce quiz